Muddy water. (Record no. 11086)
[ view plain ]
| 000 -LEADER | |
|---|---|
| fixed length control field | 00852cam a22002411 4500 |
| 001 - CONTROL NUMBER | |
| control field | agr50000008 |
| 003 - CONTROL NUMBER IDENTIFIER | |
| control field | DLC |
| 005 - DATE AND TIME OF LATEST TRANSACTION | |
| control field | 20260227111012.0 |
| 008 - FIXED-LENGTH DATA ELEMENTS--GENERAL INFORMATION | |
| fixed length control field | 790703s1949 nyuab 000 0 eng |
| 010 ## - LIBRARY OF CONGRESS CONTROL NUMBER | |
| LC control number | agr50000008 |
| 035 ## - SYSTEM CONTROL NUMBER | |
| System control number | (OCoLC)5136822 |
| 040 ## - CATALOGING SOURCE | |
| Original cataloging agency | DLC |
| Transcribing agency | TxCM |
| Modifying agency | DLC |
| 042 ## - AUTHENTICATION CODE | |
| Authentication code | premarc |
| 050 00 - LIBRARY OF CONGRESS CALL NUMBER | |
| Classification number | S606 |
| Item number | .H6 |
| 100 1# - MAIN ENTRY--PERSONAL NAME | |
| Personal name | Howell, Henrie Andrews. |
| 245 10 - TITLE STATEMENT | |
| Title | Muddy water. |
| 260 ## - PUBLICATION, DISTRIBUTION, ETC. | |
| Place of publication, distribution, etc. | New York, |
| Name of publisher, distributor, etc. | Project in Applied Economics, |
| Date of publication, distribution, etc. | 1949. |
| 300 ## - PHYSICAL DESCRIPTION | |
| Extent | 94 p. |
| Other physical details | illus., map. |
| 500 ## - GENERAL NOTE | |
| General note | "Published ... under the sponsorship of the Committee on Studies and Standards, American Association of Colleges for Teacher Education." |
| 650 #0 - SUBJECT ADDED ENTRY--TOPICAL TERM | |
| Topical term or geographic name entry element | Soil conservation |
| Form subdivision | Juvenile literature. |
| 710 2# - ADDED ENTRY--CORPORATE NAME | |
| Corporate name or jurisdiction name as entry element | Project in Applied Economics. |
| 710 2# - ADDED ENTRY--CORPORATE NAME | |
| Corporate name or jurisdiction name as entry element | American Association of Colleges for Teacher Education. |
| Subordinate unit | Committee on Studies and Standards. |
No items available.